Statistiken für Länder mit den meisten Flughäfen

Klicken Sie hier um das Quiz zu spielen!

Allgemein

  • Dieses Quiz wurde 4.240 mal gespielt
  • Das Durchschnittsergebnis liegt bei 15 aus 20

Antwortstatistiken

#Land% Korrekt
13'513Vereinigte Staaten
100%
507China
98%
539Deutschland
98%
1'218Russland
97%
1'467Kanada
95%
464Frankreich
95%
4'093Brasilien
95%
480Australien
91%
1'714Mexiko
90%
1'138Argentinien
87%
460Vereinigtes Königreich
85%
481Chile
74%
673Indonesien
70%
566Südafrika
69%
836Kolumbien
68%
444Venezuela
60%
855Bolivien
54%
799Paraguay
41%
432Ecuador
39%
561Papua-Neuguinea
10%

Verteilung der Resultate

Perzentil nach korrekt beantworteten Fragen

Anzahl Personen mit jedem Resultat

Ihre Resultats-Entwicklung

Sie haben dieses Quiz noch nicht gespielt